MLB Playoff Teams- 2010s - Statistics

General Stats
  • This quiz has been taken 61 times
  • The average score is 24 of 26
Answer Stats
Hint Answer % Correct
2013, 2016, 2017, 2018 Boston Red Sox
100%
2010, 2012, 2013 Cincinnati Reds
100%
2013, 2014, 2015, 2016, 2017, 2018, 2019 Los Angeles Dodgers
100%
2010, 2011, 2012, 2015, 2017, 2018, 2019 New York Yankees
100%
2014 Los Angeles Angels
98%
2015, 2016 New York Mets
98%
2010, 2012, 2014, 2016 San Francisco Giants
98%
2015, 2016, 2017, 2018 Chicago Cubs
96%
2017,2018 Colorado Rockies
96%
2012, 2013, 2014, 2018, 2019 Oakland Athletics
96%
2012, 2014, 2016, 2017, 2019 Washington Nationals
96%
2010, 2012, 2013, 2018,2019 Atlanta Braves
94%
2012, 2014, 2016 Baltimore Orioles
94%
2014, 2015 Kansas City Royals
94%
2013, 2014, 2015 Pittsburgh Pirates
94%
2010, 2011, 2013, 2019 Tampa Bay Rays
94%
2015, 2016 Toronto Blue Jays
94%
2011, 2017 Arizona Diamondbacks
91%
2013, 2016, 2017, 2018 Cleveland Indians
91%
2015, 2017, 2018, 2019 Houston Astros
91%
2011, 2012, 2014, 2015, 2018, 2019 St. Louis Cardinals
91%
2011, 2012, 2013, 2014 Detroit Tigers
89%
2011, 2018, 2019 Milwaukee Brewers
89%
2010, 2017, 2019 Minnesota Twins
89%
2010, 2011, 2012, 2015, 2016 Texas Rangers
89%
2010, 2011 Phiadelphia Phillies
0%
No matching quizzes found
Score Distribution
Percent of People with Each Score
Percentile by Number Answered
Your Score History
You have not taken this quiz